Vista normal
Vista MARC
Entrada Personal Name
Número de registros utilizados en: 1
001 - CONTROL NUMBER
- control field: 17685
003 - CONTROL NUMBER IDENTIFIER
- control field: DLC
005 - DATE AND TIME OF LATEST TRANSACTION
- control field: 20251107102744.0
008 - FIXED-LENGTH DATA ELEMENTS
- fixed length control field: 880111n| acannaab| |a aad |||
010 ## - LIBRARY OF CONGRESS CONTROL NUMBER
- LC control number: n 88601920
040 ## - CATALOGING SOURCE
- Original cataloging agency: DLC
- Transcribing agency: Mx-PuUPA
- Language of cataloging: spa
- Modifying agency: Mx-PuUPA
- Description conventions: rda
100 10 - HEADING--PERSONAL NAME
- Personal name: Berlijn, J. D.,
- Fuller form of name: (Johan D.)
374 ## - OCCUPATION
- Occupation: Autor
375 ## - GENDER
- Gender: hombre
377 ## - ASSOCIATED LANGUAGE
- Language code: eng
400 10 - SEE FROM TRACING--PERSONAL NAME
- Personal name: Berlijn, Johan D.
670 ## - SOURCE DATA FOUND
- Source citation: nuc88-002653: His Handboek ... 1966-
- Information found: (hdg. on MoU rept.: Berlijn, Johan D.; usage: J.D. Berlijn)